Thermal environmental engineering (Record no. 13003)

000 -LEADER
fixed length control field 00498nam a2200193 4500
001 - CONTROL NUMBER
control field 13003
003 - CONTROL NUMBER IDENTIFIER
control field BD-DhUET
008 - FIXED-LENGTH DATA ELEMENTS--GENERAL INFORMATION
fixed length control field 700513s1970 njuad b 001 0 eng
020 ## - INTERNATIONAL STANDARD BOOK NUMBER
International Standard Book Number 139147217
040 ## - CATALOGING SOURCE
Original cataloging agency DLC
Transcribing agency DLC
Modifying agency BD-DhUET
082 ## - DEWEY DECIMAL CLASSIFICATION NUMBER
Classification number 697.93
Item number THR/1970
100 1# - MAIN ENTRY--PERSONAL NAME
Personal name Threlkeld, James L.
245 10 - TITLE STATEMENT
Title Thermal environmental engineering
250 ## - EDITION STATEMENT
Edition statement 2nd ed.
260 ## - PUBLICATION, DISTRIBUTION, ETC. (IMPRINT)
Place of publication, distribution, etc. New Jersey
Name of publisher, distributor, etc. Prentice-Hall
Date of publication, distribution, etc. 1970
300 ## - PHYSICAL DESCRIPTION
Extent xvi, 495 p.
Other physical details illus.
Dimensions 25 cm.
650 #0 - SUBJECT ADDED ENTRY--TOPICAL TERM
Topical term or geographic name as entry element Air Conditioning
942 ## - ADDED ENTRY ELEMENTS (KOHA)
Koha item type General Book
Holdings
Koha date last seen Date acquired Lost status Price effective from Location (home branch) Source of classification or shelving scheme Piece designation (barcode) Withdrawn status Not for loan Koha full call number Koha normalized classification for sorting Copy number Damaged status Sublocation or collection (holding branch) Koha item type Shelving location
2015-02-282015-02-28 2015-02-28Central Library, BUET 47970  697.93/THR/1970697_930000000000000_THR_19701 Central Library, BUETGeneral BookCirculation section
2015-02-282015-02-28 2015-02-28Central Library, BUET 55662  697.93/THR/1970697_930000000000000_THR_19702 Central Library, BUETGeneral BookCirculation section
2015-05-172015-05-17 2015-05-17Central Library, BUET 17689  697.93/THR/1970697_930000000000000_THR_19703 Central Library, BUETGeneral BookCirculation section
2015-05-172015-05-17 2015-05-17Central Library, BUET 17690  697.93/THR/1970697_930000000000000_THR_19704 Central Library, BUETGeneral BookCirculation section
2015-05-172015-05-17 2015-05-17Central Library, BUET 17691  697.93/THR/1970697_930000000000000_THR_19705 Central Library, BUETGeneral BookCirculation section
2015-05-172015-05-17 2015-05-17Central Library, BUET 17692  697.93/THR/1970697_930000000000000_THR_19706 Central Library, BUETGeneral BookCirculation section
2015-05-172015-05-17 2015-05-17Central Library, BUET 17693  697.93/THR/1970697_930000000000000_THR_19707 Central Library, BUETGeneral BookCirculation section
2015-05-172015-05-17 2015-05-17Central Library, BUET 19442  697.93/THR/1970697_930000000000000_THR_19708 Central Library, BUETGeneral BookCirculation section
2015-05-172015-05-17 2015-05-17Central Library, BUET 25333  697.93/THR/1970697_930000000000000_THR_19709 Central Library, BUETGeneral BookCirculation section
2015-05-172015-05-17 2015-05-17Central Library, BUET 25334  697.93/THR/1970697_930000000000000_THR_197010 Central Library, BUETGeneral BookCirculation section